Basic electrical engineering (Record no. 7166)

000 -LEADER
fixed length control field 00658nam a2200217 4500
001 - CONTROL NUMBER
control field 7166
003 - CONTROL NUMBER IDENTIFIER
control field BD-DhUET
008 - FIXED-LENGTH DATA ELEMENTS--GENERAL INFORMATION
fixed length control field 740521s1975 nyua 001 0 eng
020 ## - INTERNATIONAL STANDARD BOOK NUMBER
International Standard Book Number 0070211523
040 ## - CATALOGING SOURCE
Original cataloging agency DLC
Transcribing agency DLC
Modifying agency BD-DhUET
082 00 - DEWEY DECIMAL CLASSIFICATION NUMBER
Classification number 623
Item number FIT/1975
100 1# - MAIN ENTRY--PERSONAL NAME
Personal name Fitzgerald, A. E.
245 10 - TITLE STATEMENT
Title Basic electrical engineering
Remainder of title circuits,electronics,machines,control
Statement of responsibility, etc. by A. E. Fitzgerald, David E. Higginbotham and Arvin Grabel
250 ## - EDITION STATEMENT
Edition statement 4th ed.
260 ## - PUBLICATION, DISTRIBUTION, ETC. (IMPRINT)
Place of publication, distribution, etc. New York
Name of publisher, distributor, etc. McGraw-Hill
Date of publication, distribution, etc. 1975
300 ## - PHYSICAL DESCRIPTION
Extent xiv, 817 p.
Other physical details illus.
Dimensions 24 cm.
650 #0 - SUBJECT ADDED ENTRY--TOPICAL TERM
Topical term or geographic name as entry element Electricity : Engineering
700 ## - ADDED ENTRY--PERSONAL NAME
Personal name Higginbotham, David E.
700 ## - ADDED ENTRY--PERSONAL NAME
Personal name Grabel, Arvin
942 ## - ADDED ENTRY ELEMENTS (KOHA)
Koha item type General Book
Holdings
Shelving location Date acquired Withdrawn status Koha issues (times borrowed) Koha date last seen Damaged status Copy number Lost status Not for loan Source of classification or shelving scheme Price effective from Koha normalized classification for sorting Koha date last borrowed Koha full call number Sublocation or collection (holding branch) Koha item type Piece designation (barcode) Location (home branch)
Circulation section2014-12-07 12018-08-04 1   2014-12-07623PIT19752018-07-21623/PIT/1975Central Library, BUETGeneral Book65364Central Library, BUET
Circulation section2015-03-12  2015-03-12 2   2015-03-12623_000000000000000_PIT_1975 623/PIT/1975Central Library, BUETGeneral Book43309Central Library, BUET
Circulation section2015-03-12  2015-03-12 3   2015-03-12623_000000000000000_PIT_1975 623/PIT/1975Central Library, BUETGeneral Book43314Central Library, BUET
Circulation section2015-03-12  2015-03-12 4   2015-03-12623_000000000000000_PIT_1975 623/PIT/1975Central Library, BUETGeneral Book43676Central Library, BUET
Circulation section2015-03-12  2015-03-12 5   2015-03-12623_000000000000000_PIT_1975 623/PIT/1975Central Library, BUETGeneral Book42843Central Library, BUET
Circulation section2015-04-16  2015-04-16 6   2015-04-16623_000000000000000_FIT_1975 623/FIT/1975Central Library, BUETGeneral Book43308Central Library, BUET
Circulation section2015-04-18  2015-04-18 7   2015-04-18623_000000000000000_FIT_1975 623/FIT/1975Central Library, BUETGeneral Book43316Central Library, BUET
Circulation section2015-04-21  2015-04-21 8   2015-04-21623_000000000000000_FIT_1975 623/FIT/1975Central Library, BUETGeneral Book43310Central Library, BUET
Circulation section2015-04-21  2015-04-21 9   2015-04-21623_000000000000000_FIT_1975 623/FIT/1975Central Library, BUETGeneral Book43677Central Library, BUET
Circulation section2015-04-21  2015-04-21 10   2015-04-21623_000000000000000_FIT_1975 623/FIT/1975Central Library, BUETGeneral Book43313Central Library, BUET
Circulation section2015-04-21  2015-04-21 11   2015-04-21623_000000000000000_FIT_1975 623/FIT/1975Central Library, BUETGeneral Book43307Central Library, BUET
Circulation section2015-04-21  2015-04-21 12   2015-04-21623_000000000000000_FIT_1975 623/FIT/1975Central Library, BUETGeneral Book51101Central Library, BUET
Reading section2015-06-28  2015-06-28 13   2015-06-28623_000000000000000_FIT_1975 623/FIT/1975Central Library, BUETReading Item42841Central Library, BUET
Reading section2015-06-28  2015-06-28 14   2015-06-28623_000000000000000_FIT_1975 623/FIT/1975Central Library, BUETReading Item42840Central Library, BUET
Reading section2015-06-28  2015-06-28 15   2015-06-28623_000000000000000_FIT_1975 623/FIT/1975Central Library, BUETReading Item43679Central Library, BUET